Greenberger's Current Diagnosis & Treatment : (Record no. 595666)
[ view plain ]
| 000 -LEADER | |
|---|---|
| fixed length control field | 00458nam a22001457a 4500 |
| 020 ## - INTERNATIONAL STANDARD BOOK NUMBER | |
| International Standard Book Number | 9781260473438 |
| 082 ## - DEWEY DECIMAL CLASSIFICATION NUMBER | |
| Classification number | 616.3 |
| Author Mark | GRE |
| 245 ## - TITLE STATEMENT | |
| Title | Greenberger's Current Diagnosis & Treatment : |
| Remainder of title | Gastroenterology, Hepatology, & Endoscopy / |
| 250 ## - EDITION STATEMENT | |
| Edition statement | 4th Edition. |
| 260 ## - PUBLICATION, DISTRIBUTION, ETC. | |
| Place of publication, distribution, etc. | New York : |
| Name of publisher, distributor, etc. | McGraw-Hill Education, |
| Date of publication, distribution, etc. | 2022. |
| 300 ## - PHYSICAL DESCRIPTION | |
| Extent | 687 p. ; |
| Other physical details | ill, |
| Dimensions | 23 cm. |
| 563 ## - BINDING INFORMATION | |
| Binding note | PBK. |
| 650 ## - SUBJECT ADDED ENTRY--TOPICAL TERM | |
| Topical term or geographic name entry element | Digestive organs |x |
| General subdivision | Diseases |
| -- | Diagnosis |
| 9 (RLIN) | 114301 |
| 942 ## - ADDED ENTRY ELEMENTS (KOHA) | |
| Source of classification or shelving scheme | |
| Koha item type | Book |
| Withdrawn status | Lost status | Source of classification or shelving scheme | Damaged status | Not for loan | Permanent Location | Current Location | Shelving location | Date acquired | Source of acquisition | Cost, normal purchase price | Full call number | Barcode | Date last seen | Copy number | Cost, replacement price | Price effective from | Koha item type |
|---|---|---|---|---|---|---|---|---|---|---|---|---|---|---|---|---|---|
| NUST School of Health Sciences (NSHS) | NUST School of Health Sciences (NSHS) | General Stacks | 08/30/2023 | Prince Books | 8450.00 | 616.3 GRE | NSHS-1730 | 08/30/2023 | c.1 | 16900.00 | 08/30/2023 | Book |
